000 00653nam a2200181Ia 4500
008 151018s9999 xx 000 0 und d
082 _bRBASDV40149
_a500
100 _aसुरेशचंद्र नाडकर्णी
245 _aअज्ञाताचे विज्ञान
250 _b1
260 _bक्ष
_c2005
300 _a208
600 _aसुरेशचंद्र नाडकर्णी
630 _aअज्ञाताचे विज्ञान
700 _aसुरेशचंद्र नाडकर्णी
730 _aअज्ञाताचे विज्ञान
942 _cBOOK
999 _c1039431
_d1039428